00694cam a22002291 4500001001300000003000400013005001700017008004100034010001700075035002000092040003700112042001200149043003000161050002300191082001200214110005900226245005300285260004800338300003200386651002900418999001700447agr48000473 DLC20260227111009.0850910s1948 dcuab f000 0 eng c aagr48000473  a(OCoLC)12535396 aU.S. Dept. of Agr. Libr.cTdDLC apremarc an-us-idan-us-utan-us-wy00aSD428.C25bA5 1948 a917.9641 aUnited States.bForest Service.bIntermountain Region.00aCaribou National Forest ;bIdaho, Utah, Wyoming. aWashington,bU.S. Govt. Print. Off.,c1948. a17 p.billus., map.c24 cm. 0aCaribou National Forest. c10897d10897